000 01301nam a2200265Ia 4500
003 Ost
005 20260507075106.0
008 260507s9999||||xx |||||||||||||| ||und||
020 _a9789961005804
040 _cfsecg
041 _aara
082 _a657.45
100 _aالتهامي، طواهر محمد
_eمؤلف
245 0 _aالمراجعة وتدقيق الحسابات :
_bالإطار النظري والممارسة التطبيقية /
_c طواهر محمد التهامي
250 _aطبعة 4
260 _aالجزائر :
_bديوان المطبوعات الجامعية,
_c2005
300 _a207 صفحة؛
_bإيضاحات ؛
_c23 سم
504 _aالمراجع ص.193
520 _a ماهية المراجعة- معايير المراجعة- المبادئ المحاسبية- نظام الرقابة الداخلية- مقومات نظام الرقابة الداخلية- إجراءات نظام الرقابة الداخلية- الإجراءات العملية للمراجعة- تقييم نظام الرقابة الداخلية- دراسة الحالة.
653 _aالمراجعة
653 _aالنظام المحاسبي
653 _aتدقيق الحسابات
700 _aصديقي، مسعود
_eمؤلف ثانوي
942 _cكتاب
999 _c42824
_d42824